000 00221nam a2200097Ia 4500
005 20251222114408.0
008 251222s1900||||xx |||||||||||||| ||spa||
082 _aDVD0080/C28/2014
245 0 _aPerro guardían:
942 _cDVD
999 _c1917
_d1917